00573nam a2200193Ia 4500008004100000020001800041082002100059100003000080245003500110250000600145260003000151300001000181500002400191650001200215700002600227942000700253952010200260999001700362230524s9999 xx 000 0 und d a9788181289520 a620.0028554bGUS aFredrik Gustafsson941960 0aMATLAB for Engineers Explained a1 aNew DelhibSpringerc2008 a168p; aQuantity Number: 1 aComp-Sc aNiclas Bergman941961 cBK 00104070aTATCLbTATCLcGENd2023-05-24l0o620.00285536 GUSp53821r2023-05-24w2023-05-24yBK c56375d56375